UBT Library

Constitutional law--national power and federalism : (Record no. 39572)

000 -LEADER
fixed length control field 00789cam a2200229 a 4500
001 - CONTROL NUMBER
control field 12221303
005 - DATE AND TIME OF LATEST TRANSACTION
control field 20171228071228.0
008 - FIXED-LENGTH DATA ELEMENTS--GENERAL INFORMATION
fixed length control field 001103s2001 mdu 001 0 eng
010 ## - LIBRARY OF CONGRESS CONTROL NUMBER
LC control number 00053611
020 ## - INTERNATIONAL STANDARD BOOK NUMBER
International Standard Book Number 0735520003
040 ## - CATALOGING SOURCE
Original cataloging agency DLC
Transcribing agency DLC
Modifying agency DLC
041 ## - LANGUAGE CODE
Language code of text/sound track or separate title eng
043 ## - GEOGRAPHIC AREA CODE
Geographic area code n-us---
080 ## - UNIVERSAL DECIMAL CLASSIFICATION NUMBER
Universal Decimal Classification number 342.73 MAY
082 00 - DEWEY DECIMAL CLASSIFICATION NUMBER
Classification number 342.73 MAY
Edition number 21
100 1# - Rafti
Rafti 14
101 ## - Shkurtesa
Shkurtesa JUR
245 10 - TITLE STATEMENT
Title Constitutional law--national power and federalism :
Statement of responsibility, etc Christopher N. May, Allan Ides.
906 ## - LOCAL DATA ELEMENT F, LDF (RLIN)
a 7
b cbc
c orignew
d 1
e ocip
f 20
g y-gencatlg
942 ## - ADDED ENTRY ELEMENTS (KOHA)
Source of classification or shelving scheme
Item type Books
Holdings
Withdrawn status Lost status Source of classification or shelving scheme Damaged status Not for loan Collection code Permanent location Current location Shelving location Date acquired Total Checkouts Full call number Barcode Date last seen Price effective from Koha item type
          Koleksioni i përgjithshem UBT - Lipjan UBT - Lipjan Koleksioni i përgjithshem 12/28/2017   342.73 MAY 002-2994189 12/28/2017 12/28/2017 Books
UBT Library © 2015-2024. All rights reserved University Education for Business and Technology